00696nam a2200241 a 4500001001300000003000900013005001700022008004100039020000900080082001700089100002300106245001800129260004600147300001000193500003500203505002100238650002400259700002300283902000800306942000700314952011600321999001700437nice12345678IN_TiNIC20260116014002.0050524s1970 alia grp 000 0 per  ac2000a491.553bJAI aJaisi, Kabir Ahmed aDars-E-Farsi. aAligarhbKitab Ghar Educational Pubc1970 a176p. aincludes index and biblioraphy2 aScripture Index. aPersian Course Book1 aJaisi, Kabir Ahmed bSRS cBK 001040708StackRoom-aHMIbHMId2009-06-19g20.00l0o491.553 JAIp019596r2009-06-19v20.00w2005-05-24yBK c13378d13378